000 00262nam a2200109Ia 4500
008 200302s9999 xx 000 0 und d
100 _aDiane Ghirardo
245 _aArchitecture After Modernism
260 _bThames and Hudson Ltd.
260 _c2006
300 _a240
999 _c3349
_d3349